000 00255nam a2200109Ia 4500
008 190216s9999||||xx |||||||||||||| ||und||
100 _aVijayan Nair
245 0 _aMalayalam-Nalacharitham
260 _bVidyarthimithram
650 _aMalayalam
942 _cBK
999 _c25261
_d25261